Statistiche per Guerre del XIX secolo

Clicka qui per fare il quiz!

Statistiche generali

  • Questo quiz è stato fatto 26 volte
  • Il punteggio medio è 11 su 25

Statistiche sulle risposte

DataLuoghi del conflittoRisposta% Corretto
1861-1865Stati Uniti d'AmericaGuerra civile americana
86%
1803-1815Europa, Oceani Atlantico e IndianoGuerre napoleoniche
71%
1853-1856Crimea, Caucaso, Danubio, Mar BalticoGuerra di Crimea
64%
1860Sicilia, Italia meridionaleImpresa dei Mille
64%
1870RomaPresa di Roma
64%
1866Boemia, Austria, Italia settentrionale, Mar AdriaticoGuerra austro-prussiana
57%
1821-1830Grecia, Mar EgeoGuerra d'indipendenza greca
57%
1859Lombardia, VenetoSeconda guerra d'indipendenza italiana
57%
1880-1881 1899.1902SudafricaGuerre anglo-boere
50%
1848-1849Lombardia, PiemontePrima guerra d'indipendenza italiana
50%
1830-1831Fiandre, ValloniaRivoluzione belga
50%
1870-1871Francia settentrionaleGuerra franco-prussiana
43%
1775-1890America settentrionaleGuerre indiane
43%
1804-1817SerbiaRivolte Serbe
43%
1812-1815Stati Uniti d'AmericaGuerra anglo-americana del 1812
36%
1839-1842 1856-1860CinaGuerre dell'oppio
36%
1864Danimarca continentaleSeconda guerra dello Schleswig
36%
1898Caraibi, Filippine, GuamGuerra ispano-americana
29%
1895-1896Etiopia, EritreaGuerra di Abissinia
21%
1835-1836TexasGuerra d'indipendenza del Texas
21%
1833-1876SpagnaGuerre carliste
21%
1877GiapponeRibellione di Satsuma
21%
1808-1833America centrale e meridionaleGuerre d'indipendenza ispanoamericane
14%
1857-1858IndiaMoti indiani del 1857
14%
1848-1849Ungheria, SlovacchiaRivoluzione ungherese del 1848
14%

Distribuzione punteggi

Percentile per numero di risposta

Percentuale di utenti per punteggio

I tuoi punteggi nel tempo

Non hai fatto questo quiz